[Event "Ultimate Blitz Challenge"]
[Site "Saint Louis USA"]
[Date "2016.04.28"]
[Round "2.1"]
[White "Caruana, Fabiano"]
[Black "So, Wesley"]
[Result "1-0"]
[WhiteTitle "GM"]
[BlackTitle "GM"]
[WhiteElo "2795"]
[BlackElo "2773"]
[WhiteFideId "2020009"]
[BlackFideId "5202213"]
[EventDate "2016.04.28"]

1. Nf3 d5 2. g3 Bg4 3. Bg2 c6 4. O-O Nf6 5. d3 Nbd7 6. h3 Bxf3 7. Bxf3 e5 8. e4
dxe4 9. dxe4 Bc5 10. Bg2 O-O 11. a4 a5 12. Nd2 b5 13. Qe2 Qb8 14. h4 Rd8 15. Bh3
Be7 16. Nb3 Nc5 17. Nxc5 Bxc5 18. Bg5 Be7 19. b3 h6 20. Bd2 Qb6 21. Rfd1 Bc5 22.
Be1 Rxd1 23. Rxd1 bxa4 24. bxa4 Rd8 25. Rxd8+ Qxd8 26. Qd3 Qb6 27. Kg2 Bd4 28.
Bc8 Qb8 29. Ba6 Nd7 30. Bc4 Qc7 31. Qf3 Nf6 32. g4 Kh8 33. g5 hxg5 34. hxg5 Nh7
35. Bxf7 Qe7 36. g6 Qg5+ 37. Kf1 Nf6 38. Qh3+ Nh5 39. Qc8+ 1-0

[Event "Ultimate Blitz Challenge"]
[Site "Saint Louis USA"]
[Date "2016.04.28"]
[Round "3.1"]
[White "Kasparov, Garry"]
[Black "Caruana, Fabiano"]
[Result "1/2-1/2"]
[WhiteTitle "GM"]
[BlackTitle "GM"]
[WhiteElo "2812"]
[BlackElo "2795"]
[WhiteFideId "4100018"]
[BlackFideId "2020009"]
[EventDate "2016.04.28"]

1. e4 e5 2. Nf3 Nc6 3. d4 exd4 4. Nxd4 Nf6 5. Nxc6 bxc6 6. e5 Qe7 7. Qe2 Nd5 8.
c4 Nb6 9. Nd2 Bb7 10. b3 O-O-O 11. Bb2 g6 12. f4 Bg7 13. O-O-O c5 14. h4 Rhe8
15. Rh3 d6 16. Re3 dxe5 17. Bxe5 f6 18. Bd4 Qf7 19. Bxc5 f5 20. Nf3 Be4 21. Ne5
Bxe5 22. fxe5 Rxd1+ 23. Qxd1 Rd8 24. Qe1 Qe6 25. Qc3 Qc6 26. Bb4 Bxg2 27. Bxg2
Qxg2 28. e6 f4 29. e7 fxe3 30. exd8=Q+ Kxd8 31. Qxe3 Qxa2 32. Qe6 Qa1+ 33. Kc2
Qg7 34. Bd2 Qd7 35. Qg8+ Qe8 36. Bg5+ Kd7 37. Qxh7+ Kc6 38. Qg7 Qe4+ 39. Kc3 Nd7
40. Qd4 Qf3+ 41. Kb4 a5+ 42. Kxa5 Nc5 43. Qf6+ Qxf6 44. Bxf6 Nxb3+ 45. Kb4 1/2-1/2

[Event "Ultimate Blitz Challenge"]
[Site "Saint Louis USA"]
[Date "2016.04.28"]
[Round "4.2"]
[White "So, Wesley"]
[Black "Kasparov, Garry"]
[Result "1-0"]
[WhiteTitle "GM"]
[BlackTitle "GM"]
[WhiteElo "2773"]
[BlackElo "2812"]
[WhiteFideId "5202213"]
[BlackFideId "4100018"]
[EventDate "2016.04.28"]

1. d4 Nf6 2. c4 g6 3. Nc3 d5 4. cxd5 Nxd5 5. e4 Nxc3 6. bxc3 Bg7 7. Nf3 c5 8.
Rb1 O-O 9. Be2 b6 10. O-O Bb7 11. Qd3 Ba6 12. Qe3 Qd7 13. h4 Qa4 14. h5 Qxa2 15.
Rb2 Qa4 16. hxg6 hxg6 17. Bxa6 cxd4 18. cxd4 Nxa6 19. Qe2 Nc7 20. Ra2 Qb5 21.
Qe3 Qc4 22. Rd2 Rfd8 23. Ba3 Nb5 24. Bb2 Rac8 25. Rfd1 Nc3 26. Rc1 1-0

[Event "Ultimate Blitz Challenge"]
[Site "Saint Louis USA"]
[Date "2016.04.28"]
[Round "5.1"]
[White "So, Wesley"]
[Black "Caruana, Fabiano"]
[Result "1/2-1/2"]
[WhiteTitle "GM"]
[BlackTitle "GM"]
[WhiteElo "2773"]
[BlackElo "2795"]
[WhiteFideId "5202213"]
[BlackFideId "2020009"]
[EventDate "2016.04.28"]

1. Nf3 Nf6 2. g3 g6 3. c4 Bg7 4. Nc3 c6 5. d4 d5 6. cxd5 cxd5 7. Bg2 O-O 8. Ne5
e6 9. O-O Nfd7 10. Nf3 Nf6 11. Bf4 Nc6 12. Rc1 Bd7 13. Ne5 Rc8 14. Qd2 Nxe5 15.
Bxe5 Bc6 16. Rc2 Ne8 17. Rfc1 Nd6 18. Qf4 g5 19. Qf3 Bxe5 20. dxe5 Nc4 21. Qg4
Nxe5 22. Qd4 Qf6 23. Qxa7 Ra8 24. Qc5 Rfc8 25. Qb4 h5 26. a4 Rd8 27. Nb5 Ng4 28.
Rf1 e5 29. Nc7 Rxa4 30. Qb3 e4 31. h3 Ne5 32. Rd1 Rc4 33. Rcd2 Ba4 34. Qxb7 Bxd1
35. Nxd5 Rxd5 36. Rxd5 Rc1 37. Qb8+ Kg7 38. Kh2 Ng6 39. Qa7 Bxe2 40. Qe3 Rc2 41.
Bxe4 Rxb2 42. Rf5 Qb6 43. Qxg5 Bc4 44. Kg2 Qd4 45. Rf4 Qe5 46. Qxe5+ Nxe5 47.
Rf5 Nd3 48. Bxd3 Bxd3 49. Rxh5 Be4+ 50. Kf1 Bf3 51. Re5 Rb1+ 52. Re1 Bg2+ 53.
Ke2 Rxe1+ 54. Kxe1 Bxh3 55. Ke2 Kf6 56. Kf3 Kf5 57. Ke3 Bg2 58. f3 Bh1 59. Kf2
Ke5 60. Ke3 f5 61. Kf2 Kd4 62. Ke2 Kd5 63. Ke3 Ke5 64. Kf2 Kd4 65. Ke2 Bg2 66.
Kf2 Bh3 67. Ke2 Kd5 68. Ke3 Ke5 69. Kf2 Kd4 70. Ke2 Kd5 71. Ke3 Ke5 72. Kf2 Kf6
73. Ke3 Kg5 74. Kf2 Kh5 75. Ke3 Kg5 76. Kf2 Kf6 77. Ke3 Ke5 1/2-1/2

[Event "Ultimate Blitz Challenge"]
[Site "Saint Louis USA"]
[Date "2016.04.28"]
[Round "6.1"]
[White "Caruana, Fabiano"]
[Black "Kasparov, Garry"]
[Result "1/2-1/2"]
[WhiteTitle "GM"]
[BlackTitle "GM"]
[WhiteElo "2795"]
[BlackElo "2812"]
[WhiteFideId "2020009"]
[BlackFideId "4100018"]
[EventDate "2016.04.28"]

1. e4 c5 2. Nf3 Nc6 3. Bb5 g6 4. Bxc6 bxc6 5. O-O Bg7 6. Re1 Nf6 7. e5 Nd5 8. c4
Nc7 9. d4 cxd4 10. Qxd4 Ne6 11. Qh4 d6 12. Nc3 dxe5 13. Nxe5 Qd6 14. Nf3 h6 15.
Be3 g5 16. Qe4 O-O 17. Qc2 f5 18. Rad1 Qc7 19. Nd4 Nxd4 20. Bxd4 e5 21. Bc5 Re8
22. Bd6 Qf7 23. c5 e4 24. Ne2 Ba6 25. Nd4 Bd3 26. Qa4 f4 27. Nxc6 f3 28. Nb4 Be2
29. Rc1 e3 30. Qb3 exf2+ 31. Kxf2 Bd4+ 32. Kg3 Qxb3 33. axb3 f2 34. Rh1 Re3+ 35.
Kxf2 Rae8 36. Nc6 Rf3+ 37. Ke1 Bb5+ 38. Ne7+ Rxe7+ 39. Bxe7 Re3+ 40. Kd2 Re2+
41. Kd1 Rxe7 42. Re1 Rc7 43. b4 Bxb2 44. Rb1 Bc3 45. Re6 Rd7+ 46. Kc2 Bd3+ 47.
Kxc3 Bxb1 48. Rxh6 Be4 49. b5 Kg7 50. Ra6 Bxg2 51. c6 Re7 52. Kd4 Kf7 53. Ra2
Bf3 54. Kc5 Re5+ 55. Kb4 Be2 56. Rxa7+ Ke6 57. Rb7 Kd6 58. h3 Bxb5 59. Rxb5 Re4+
60. Kc3 1/2-1/2

[Event "Ultimate Blitz Challenge"]
[Site "Saint Louis USA"]
[Date "2016.04.29"]
[Round "10.2"]
[White "So, Wesley"]
[Black "Kasparov, Garry"]
[Result "1-0"]
[WhiteTitle "GM"]
[BlackTitle "GM"]
[WhiteElo "2773"]
[BlackElo "2812"]
[WhiteFideId "5202213"]
[BlackFideId "4100018"]
[EventDate "2016.04.28"]

1. Nf3 g6 2. e4 Bg7 3. d4 d6 4. c4 Bg4 5. Be2 Nc6 6. Nbd2 e5 7. d5 Nce7 8. h3
Bd7 9. c5 dxc5 10. Nc4 f6 11. d6 Nc8 12. Be3 b6 13. O-O Bc6 14. dxc7 Qxc7 15. b4
cxb4 16. Rc1 Nge7 17. Qb3 h6 18. Rfd1 b5 19. Ncxe5 fxe5 20. Bxb5 Rb8 21. Ba4 Qb7
22. Rxc6 Nxc6 23. Qe6+ Ne7 24. Bc5 Rc8 25. Bxe7 1-0

[Event "Ultimate Blitz Challenge"]
[Site "Saint Louis USA"]
[Date "2016.04.29"]
[Round "11.1"]
[White "So, Wesley"]
[Black "Caruana, Fabiano"]
[Result "1-0"]
[WhiteTitle "GM"]
[BlackTitle "GM"]
[WhiteElo "2773"]
[BlackElo "2795"]
[WhiteFideId "5202213"]
[BlackFideId "2020009"]
[EventDate "2016.04.28"]

1. e4 e5 2. Nf3 Nc6 3. Bb5 Nf6 4. d3 Bc5 5. c3 O-O 6. Bxc6 bxc6 7. Nxe5 d5 8. d4
Bb6 9. O-O Nxe4 10. Nxc6 Qf6 11. Nb4 Be6 12. Nd2 c5 13. dxc5 Bxc5 14. Nxe4 dxe4
15. Nd5 Qe5 16. Be3 Bxe3 17. Nxe3 f5 18. f4 Qb5 19. Qd6 Rfe8 20. Qe5 Qxb2 21.
Rab1 Qd2 22. Qd4 Red8 23. Qxd2 Rxd2 24. Rb5 g6 25. c4 Rc8 26. Re5 Bf7 27. Rf2
Rd3 28. Re2 Bxc4 29. Kf2 Bf7 30. h3 h5 31. g4 hxg4 32. hxg4 fxg4 33. Rxe4 Ra3
34. Nxg4 Rxa2 35. Rxa2 Bxa2 36. Re7 a6 37. Ra7 Rc6 38. Kg3 Bb1 39. Kh4 Kf8 40.
Kg5 Ke8 41. Rb7 Bf5 42. Ne5 Rd6 43. Ra7 Rb6 44. Rg7 a5 45. Ra7 Rb5 46. Nxg6 Bc2+
47. Ne5 a4 48. Kf6 Kd8 49. Nf7+ 1-0

[Event "Ultimate Blitz Challenge"]
[Site "Saint Louis USA"]
[Date "2016.04.29"]
[Round "13.2"]
[White "Kasparov, Garry"]
[Black "So, Wesley"]
[Result "1/2-1/2"]
[WhiteTitle "GM"]
[BlackTitle "GM"]
[WhiteElo "2812"]
[BlackElo "2773"]
[WhiteFideId "4100018"]
[BlackFideId "5202213"]
[EventDate "2016.04.28"]

1. Nf3 d5 2. c4 e6 3. b3 Nf6 4. g3 d4 5. Bg2 Nc6 6. O-O e5 7. d3 Bc5 8. b4 Nxb4
9. Nxe5 O-O 10. a3 Na6 11. Nd2 Re8 12. Nef3 Bd6 13. Nb3 c5 14. e3 dxe3 15. Bxe3
Qc7 16. Bg5 Nd7 17. d4 Nb6 18. dxc5 Nxc5 19. Nxc5 Bxc5 20. Bf4 Qd8 21. Qc2 h6
22. Rad1 Qf6 23. Be5 Rxe5 24. Nxe5 Qxe5 25. Rfe1 Bf5 26. Rxe5 Bxc2 27. Rd2 Nxc4
28. Rxc5 Nxd2 29. Rxc2 Rd8 30. Bxb7 Rd7 31. Ba8 g6 32. f4 Nb3 33. Kf2 Re7 34.
Bd5 Nd4 35. Rd2 Nf5 36. Rd3 Kg7 37. Bb3 h5 1/2-1/2

[Event "Ultimate Blitz Challenge"]
[Site "Saint Louis USA"]
[Date "2016.04.29"]
[Round "14.1"]
[White "Caruana, Fabiano"]
[Black "So, Wesley"]
[Result "1/2-1/2"]
[WhiteTitle "GM"]
[BlackTitle "GM"]
[WhiteElo "2795"]
[BlackElo "2773"]
[WhiteFideId "2020009"]
[BlackFideId "5202213"]
[EventDate "2016.04.28"]

1. e4 e5 2. Nf3 Nc6 3. Bc4 Bc5 4. O-O Nf6 5. d3 O-O 6. Re1 d6 7. c3 a6 8. a4 Ba7
9. h3 Ne7 10. Nbd2 Ng6 11. Nf1 c6 12. Bb3 d5 13. exd5 Nxd5 14. d4 exd4 15. Nxd4
Be6 16. Bc2 Qf6 17. Ng3 Bxd4 18. cxd4 Ngf4 19. Ra3 Qd8 20. Ne4 Bf5 21. Rf3 Bxe4
22. Bxe4 Ng6 23. g3 Qd7 24. h4 Rfe8 25. h5 Nf8 26. h6 g6 27. a5 Re6 28. Bc2
Rxe1+ 29. Qxe1 Re8 30. Qd1 Qg4 31. Kg2 Ne6 32. Be3 Rd8 33. Qd2 Nxe3+ 34. Qxe3
Ng5 35. Rf6 Qh3+ 36. Kg1 Qxh6 37. f4 Ne6 38. Rxe6 fxe6 39. Qxe6+ Kf8 40. Qf6+
Ke8 41. Qe6+ Kf8 42. Qf6+ Ke8 1/2-1/2

[Event "Ultimate Blitz Challenge"]
[Site "Saint Louis USA"]
[Date "2016.04.29"]
[Round "15.1"]
[White "Kasparov, Garry"]
[Black "Caruana, Fabiano"]
[Result "0-1"]
[WhiteTitle "GM"]
[BlackTitle "GM"]
[WhiteElo "2812"]
[BlackElo "2795"]
[WhiteFideId "4100018"]
[BlackFideId "2020009"]
[EventDate "2016.04.28"]

1. e4 e5 2. Nf3 Nc6 3. d4 exd4 4. Nxd4 Bc5 5. Be3 Qf6 6. c3 Nge7 7. Bc4 O-O 8.
O-O b6 9. Nc2 Ne5 10. Be2 Bb7 11. f4 N5g6 12. e5 Qe6 13. b4 Bxe3+ 14. Nxe3 Nh4
15. Bg4 f5 16. Be2 Kh8 17. Bc4 Qg6 18. Rf2 d6 19. exd6 Rad8 20. d7 Bc6 21. Nd2
Rxd7 22. Qe2 Re8 23. Re1 Nc8 24. g3 Rde7 25. Ndf1 Nd6 26. Bd3 Be4 27. Qd1 Bxd3
28. Qxd3 Ne4 29. Nd5 Rd7 30. Qc4 Nxf2 31. Rxe8+ Qxe8 32. Kxf2 Ng6 33. Nfe3 Qe6
34. Qb3 c6 0-1

[Event "Ultimate Blitz Challenge"]
[Site "Saint Louis USA"]
[Date "2016.04.29"]
[Round "16.2"]
[White "So, Wesley"]
[Black "Kasparov, Garry"]
[Result "1/2-1/2"]
[WhiteTitle "GM"]
[BlackTitle "GM"]
[WhiteElo "2773"]
[BlackElo "2812"]
[WhiteFideId "5202213"]
[BlackFideId "4100018"]
[EventDate "2016.04.28"]

1. Nf3 g6 2. e4 Bg7 3. d4 d6 4. c4 Bg4 5. Be2 Nc6 6. Nbd2 e5 7. d5 Nce7 8. O-O
Nf6 9. c5 O-O 10. cxd6 cxd6 11. h3 Bd7 12. Re1 b5 13. Bf1 Nc8 14. b3 Rb8 15. a4
a6 16. axb5 axb5 17. Ba3 Ne8 18. Bb4 f5 19. Ra6 Bh6 20. exf5 Bxf5 21. g4 Bd7 22.
Ne4 Bf4 23. Bg2 Qe7 24. Qc2 Kh8 25. Qb2 Kg8 26. Qa3 h5 27. Nxd6 Ncxd6 28. Bxd6
Nxd6 29. Qxd6 Qxd6 30. Rxd6 hxg4 31. hxg4 e4 32. Rxd7 exf3 33. Bxf3 Bd2 34. Re2
Rxf3 35. Rxd2 Rxb3 36. d6 Rf3 37. Rc7 b4 38. Kg2 Rff8 39. Re2 Rfd8 40. Re6 b3
41. Rxg6+ Kh8 42. Rh6+ Kg8 43. Rg6+ Kf8 44. Rh6 Kg8 45. Rg6+ Kf8 46. Rh6 1/2-1/2

[Event "Ultimate Blitz Challenge"]
[Site "Saint Louis USA"]
[Date "2016.04.29"]
[Round "17.1"]
[White "So, Wesley"]
[Black "Caruana, Fabiano"]
[Result "1-0"]
[WhiteTitle "GM"]
[BlackTitle "GM"]
[WhiteElo "2773"]
[BlackElo "2795"]
[WhiteFideId "5202213"]
[BlackFideId "2020009"]
[EventDate "2016.04.28"]

1. Nf3 d5 2. d4 Nf6 3. c4 e6 4. Nc3 Be7 5. Bf4 O-O 6. e3 Nbd7 7. Be2 dxc4 8. O-O
a6 9. a4 c5 10. dxc5 Nxc5 11. Bxc4 Bd7 12. Ne5 Be8 13. a5 Ncd7 14. Nf3 Rc8 15.
Be2 Nb8 16. Qb3 Bc6 17. Ne5 Nfd7 18. Rfd1 Nc5 19. Qa2 Qe8 20. Nc4 Bb5 21. Nd6
Bxd6 22. Bxd6 Bxe2 23. Nxe2 Qb5 24. Nd4 Qb4 25. Bxf8 Rxf8 26. Rac1 Ncd7 27. Qa3
Qxa3 28. bxa3 b6 29. Nc6 bxa5 30. Nxb8 Nxb8 31. a4 Re8 32. Rc7 g6 33. Kf1 Kg7
34. Rb1 Kf6 35. Ke2 g5 36. Rbb7 Rf8 37. g4 h6 38. h3 Kg6 39. f4 Kf6 40. Kf3 Kg6
41. f5+ exf5 42. Rb6+ f6 43. Rcb7 fxg4+ 44. hxg4 1-0